Matematická kartografia

Bibliographic Details
Main Author: Kuska, František, 1908-1994 (Author)
Format: Book
Language:Slovak
PhysicalDescription:294 s. skriptá
Published: Bratislava Slovenské pedagogické nakladateľstvo 1953
Edition:1. vyd.
Subjects:

MARC

LEADER 00000cam a2200000 a 4500
001 vtls008750136
003 SK-MaSNL
005 20260301205551.0
008 240314s1953 xo e 00 0 slo
015 |a SNBA1953 
035 |a POKPOH42280 
040 |a SNK  |b slo  |c SNK  |e AACR2 
041 0 |a slo 
044 |a xo  |c SK 
100 1 |a Kuska, František,  |d 1908-1994  |4 aut  |9 198220 
245 1 0 |a Matematická kartografia  |c František Kuska 
250 |a 1. vyd. 
260 |a Bratislava  |b Slovenské pedagogické nakladateľstvo  |c 1953 
300 |a 294 s. skriptá 
650 0 7 |a kartografia  |2 POKPOH  |9 820 
999 |c 910600  |d 912530 
952 |a SNK  |b SNK  |y PREZ  |7 0  |p 17A0890344  |o snkSB 17966   |i snkD 994/72  |8 1  |0 0  |1 0  |4 0  |d 2012-07-24  |l 0  |r 2025-03-20 00:00:00  |w 2026-02-24 
952 |t P60, <04>, [BOOK], {604}  |a SNK  |b SNK  |y VYP  |7 0  |p 17A0155262  |o snkSB 17966 D1  |i snkK 2015/76  |8 3  |0 0  |1 0  |4 0  |d 1998-10-17  |l 0  |r 2005-01-02 00:00:00  |w 2026-02-24